Britain's declining empire (Registro nro. 301585)
[ vista simple ]
| 000 -ENCABEZADO | |
|---|---|
| Número de control [NR] | 01076cam a2200289Mc 4500 |
| 005 - FECHA Y HORA DE LA ÚLTIMA TRANSACCIÓN | |
| control field | 20151019081216.0 |
| 008 - DE LONGITUD FIJA DE DATOS DE ELEMENTOS - INFORMACIÓN GENERAL | |
| Elementos de longitud fija [NR] | 15 s2006 enkao fr 001 0 eng d |
| 020 ## - NUMERO INTERNACIONAL NORMALIZADO PARA LIBROS [R] | |
| Número Internacional Normalizado del libro [NR] | 9780521685559 |
| 020 ## - NUMERO INTERNACIONAL NORMALIZADO PARA LIBROS [R] | |
| Número Internacional Normalizado del libro [NR] | 9780521866491 |
| 035 ## - NUMERO DE CONTROL DEL SISTEMA [R] | |
| Número de control del sistema [NR] | (OCoLC)474492745 |
| 040 ## - FUENTE DE CATALOGACION [NR] | |
| Agencia de catalogación original [NR] | Co-BoUCM |
| Idioma de catalogación [NR] | spa |
| Quien Cataloga | Luz Cupitra |
| Quien Clasifica | Luz Cupitra |
| 041 ## - CODIGO DE IDIOMA [R] | |
| Código de idioma para texto/pista de sonido o título separado [R] | Inglés |
| 100 1# - ASIENTO PRINCIPAL--NOMBRE PERSONAL [NR] | |
| Nombre personal [NR] | Hyam, Ronald |
| ID Autoridad | 72457 |
| 245 10 - MENCION DE TITULO [NR] | |
| Título [NR] | Britain's declining empire |
| Parte restante del título [NR] | the road to decolonisation, 1918-1968 |
| Mención de responsabilidad, etc. [NR] | Ronald Hyam |
| 260 ## - PUBLICACION, DISTRIBUCION, ETC. (PIE DE IMPRENTA) [R] | |
| Lugar de publicación, distribución, etc. [R] | Cambridge (Inglaterra) |
| Nombre del editor, distribuidor, etc. [R] | Cambridge University Press |
| Fecha de publicación, distribución, etc. [R] | 2006 |
| 300 ## - DESCRIPCION FISICA [R] | |
| Extensión [R] | xvii, 464 páginas |
| Otros detalles físicos [NR] | Ilustaciones, fotografías |
| 504 ## - NOTA DE BIBLIOGRAFIA, ETC. [R] | |
| Nota de bibliografía, etc. [NR] | Incluye referencias bibliográficas e índices |
| 650 #7 - ASIENTO SECUNDARIO DE MATERIA - TERMINO TEMATICO [R] | |
| Término temático o nombre geográfico como elemento de entrada [NR] | Descolonización |
| 9 (RLIN) | 13003 |
| Subdivisión general [R] | Colonias |
| Subdivisión geográfica [R] | Gran Bretaña |
| 650 #7 - ASIENTO SECUNDARIO DE MATERIA - TERMINO TEMATICO [R] | |
| Término temático o nombre geográfico como elemento de entrada [NR] | Colonialismo |
| 9 (RLIN) | 11141 |
| Subdivisión general [R] | Historia |
| 650 #7 - ASIENTO SECUNDARIO DE MATERIA - TERMINO TEMATICO [R] | |
| Término temático o nombre geográfico como elemento de entrada [NR] | Imperialismo |
| 9 (RLIN) | 17199 |
| 651 #7 - ASIENTO SECUNDARIO DE MATERIA - NOMBRE GEOGRAFICO [R] | |
| Nombre geográfico [NR] | Inglaterra |
| 9 (RLIN) | 27013 |
| 651 #7 - ASIENTO SECUNDARIO DE MATERIA - NOMBRE GEOGRAFICO [R] | |
| Subdivisión general [R] | Política y gobierno |
| Subdivisión cronológica [R] | 1945- |
| 9 (RLIN) | 72458 |
| 651 #7 - ASIENTO SECUNDARIO DE MATERIA - NOMBRE GEOGRAFICO [R] | |
| Nombre geográfico [NR] | Gran Bretaña |
| Subdivisión general [R] | Colonias |
| -- | Historia |
| 9 (RLIN) | 72455 |
| 690 ## - ASUNTO AGREGADO LOCAL DE ENTRADA - TÉRMINO TEMÁTICO (OCLC, RLIN) | |
| 9 (RLIN) | 42846 |
| Acceso temático local | Historia de Europa |
| 942 ## - ELEMENTOS DE ENTRADA AGREGADOS (KOHA) | |
| Sistema de clasificación | DEWEY |
| Tema principal | Historia |
| Tipo de ítem principal el descrito en 300a | Libro |
| Edición | 1 |
| Clasificación | 909.097 |
| Parte restante de la signatura top. | H992br |
| Fecha de último préstamo | Total préstamos | Total Renewals | Signatura topográfica | Código de barras | Última vez visto | Ejemplar | Costo de reposición | Price effective from | Tipo de ítem | Perdido | Sistema de clasificación | Dañado | No prestable | Tipo de ítem específico | Suprimido | Ubicación habitual | Ubicación actual | Localización | Fecha de creación | Proveedor | Forma de adquisición | Costo |
|---|---|---|---|---|---|---|---|---|---|---|---|---|---|---|---|---|---|---|---|---|---|---|
| 15/04/2016 | 3 | 3 | 909.097 H992br | 100147644 | 09/12/2025 | Ej.1 | 26000.00 | 30/09/2015 | Libro | DEWEY | Libro | Claustro | Claustro | 2do piso | 30/09/2015 | 12 | Donación | 0.00 |